000 00735cam a22002053 4500
001 FRBNF458045430000008
003 http://catalogue.bnf.fr/ark:/12148/cb458045435
005 20250815122803.0
008 250815b |||||||| |||| 00| 0 eng d
020 _a9781350116948
050 _aZ 246
_bA547 AMB
100 _aAMBROSE, GAVIN
245 _aTHE FUNDAMENTALS OF TYPOGRAPHY
_cGAVIN AMBROSE & PAUL HARRIS
250 _a2nd ed
260 _aLONDON
_bBLOOMSBURY VISUAL ART
_cc2018
300 _aThis edition originally published : Lausanne : AVA Academia, 2011
300 _aIncludes bibliographical references (page 200) and index
700 _315612893
_oISNI0000000109647220
_aAmbrose
_bGavin
_f1973-....
_4070
942 _2lcc
_cREF
_n0
999 _c7275
_d7275